| 000 | 00346nam a22001457a 4500 | ||
|---|---|---|---|
| 003 | SGT | ||
| 020 | _a978-0-7020-5326-9 | ||
| 082 |
_a611 _bR14W |
||
| 100 | _aWAUGH, ANNE | ||
| 245 | _aROSS AND WILSON ANATOMY & PHYSIOLOGY IN HEALTH AND ILLESS | ||
| 260 |
_aEDINBURGH _bELSEVIER _c2014 |
||
| 300 | _a509 | ||
| 650 | _aANATOMY | ||
| 942 |
_2ddc _cBK _047 |
||
| 999 |
_c8253 _d8253 |
||